Meilleurs Buteurs Français de la Ligue des Champions de Football - Statistiques

Statistiques générales
  • Ce quiz a été pris 202 fois
  • Le résultat moyen est 10 sur 15
Statistiques - réponses
Buts Joueur % Correct
55 Kylian Mbappé
97%
90 Karim Benzema
95%
42 Antoine Griezmann
91%
24 Olivier Giroud
91%
50 Thierry Henry
90%
14 Zinédine Zidane
84%
20 Ousmane Dembélé
80%
29 David Trezeguet
71%
28 Jean-Pierre Papin
56%
17 Michel Platini
55%
18 Franck Ribéry
52%
17 Kingsley Coman
50%
20 Nicolas Anelka
35%
14 Robert Pirès
29%
15 Sylvain Wiltord
26%
Aucun quiz correspondant
Distribution des résultats
% des personnes avec chaque résultat
Percentile par nombre de réponses
Votre historique - résultats
Vous n’avez pas pris ce quiz